000 00595nam a2200193Ia 4500
005 20260429112238.0
008 260429s9999||||xx |||||||||||||| ||und||
020 _a8177143875
041 _aHindi
082 _a070.4
_bHAR
100 _aहरिवंश
245 0 _aजनसरोकार की पत्रकारिता /
_cहरिवंश
250 _arev.
260 _aनई दिल्ली :
_bप्रकाशन संस्थान,
_c2020.
300 _a368 p.; Hb
650 _aJournalism
700 _a अनुराग, फैसल
942 _cTB
999 _c53098
_d53098